| 000 | 00873nam a2200253Ia 4500 | ||
|---|---|---|---|
| 003 | OSt | ||
| 005 | 20220918170244.0 | ||
| 006 | a|||||r|||| 00| 0 | ||
| 007 | ta | ||
| 008 | 220917b |||||||| |||| 00| 0 eng d | ||
| 020 |
_a9780+367863067 (pbk) _cUKP 34.90 |
||
| 024 | _a354,252 | ||
| 037 |
_b14501, 27/12/2021, Elite Publishers Distributors _cTextual |
||
| 040 |
_aARTS _cARTS _beng |
||
| 041 |
_2eng _aeng |
||
| 082 | _aV45:19, R1 | ||
| 100 |
_aOsiewicz Przemyslaw Au. _927917 |
||
| 245 | 0 |
_aForeign policy of the islamic republic of Iran _b between ideology and pragmatism |
|
| 260 |
_aLondon _bRoutledge UK _c2021 |
||
| 300 |
_ax,196p. _ccm. |
||
| 650 |
_aIRAN - FOREIGN RELATIONS; IRAN - HISTORY _927918 |
||
| 942 |
_hV45:19, R1 _cTEXL _2CC |
||
| 999 |
_c133269 _d133269 |
||